书目信息 |
| 题名: |
悲剧精神与中西民族文化心态
|
|
| 作者: | 杜林 著 ;王志昌 分册主编 | |
| 分册: | ||
| 出版信息: | 长春 吉林人民出版社 2001 |
|
| 页数: | 246页 | |
| 开本: | 26cm | |
| 丛书名: | ||
| 单 册: | ||
| 中图分类: | K106.3 , K106.3 | |
| 科图分类: | ||
| 主题词: | 精神与心态 , 世界史:通史 | |
| 电子资源: | ||
| ISBN: | 7-206-03749-6 | |
| 000 | 00696nam0 2200241 450 | |
| 001 | 1248364673 | |
| 005 | 20121007133317.93 | |
| 010 | @a7-206-03749-6@dCNY20.00 | |
| 100 | @a20010806d2001 de y0chiy0120 ea | |
| 101 | 0 | @achi |
| 102 | @aCN@b220100 | |
| 105 | @aa z 000yy | |
| 200 | 1 | @a悲剧精神与中西民族文化心态@Abei ju jing shen yu zhong xi min zu wen hua xin tai@f杜林著@Fdu lin zhu |
| 210 | @a长春@c吉林人民出版社@d2001 | |
| 215 | @a246页@d26cm | |
| 606 | 0 | @a精神与心态 |
| 606 | 0 | @a世界史:通史 |
| 690 | @aK106.3@v4 | |
| 690 | @aK106.3@v4 | |
| 701 | 0 | @a杜林@Adu lin@4著 |
| 702 | 0 | @a王志昌@Awang zhi chang@4分册主编 |
| 801 | 0 | @aCN@bNLC@c20101222 |
| 905 | @a10447@dK106.3@eJY39 | |
| 悲剧精神与中西民族文化心态/杜林著.-长春:吉林人民出版社,2001 |
| 246页;26cm |
| ISBN 7-206-03749-6:CNY20.00 |
| ● |
| 相关链接 |
|
|
|
|
正题名:悲剧精神与中西民族文化心态
索取号:K106.3/JY39
 
预约/预借
| 序号 | 登录号 | 条形码 | 馆藏地/架位号 | 状态 | 备注 |
| 1 | 7831307 | 278313077 | 学院路分馆/ [索取号:K106.3/JY39] | 在馆 | |
| 2 | 7831308 | 278313086 | 学院路分馆/ [索取号:K106.3/JY39] | 在馆 | |
| 3 | 7831309 | 278313095 | 学院路分馆/ [索取号:K106.3/JY39] | 在馆 | |
| 4 | 7831310 | 278313102 | 学院路分馆/ [索取号:K106.3/JY39] | 在馆 |